00411 2200157 4500245005700000020001800057250001100075100001900086650002200105005001900127260004200146041001400188084001400202300002800216336000900244 aOperasional Kantor Depan HotelcEndar SugiartohText a979-605-789-1 aCet. 2 aEndar Sugiarto aOperasional Hotel a20230525105224 aJakartabGramedia Pustaka Utamac1998 aIndonesia a647.94068 aix, 144 hlm. :c23 hlm. atext